Cultura y desarrollo, hoy /
Αποθηκεύτηκε σε:
| Κύριος συγγραφέας: | |
|---|---|
| Άλλοι συγγραφείς: | |
| Μορφή: | Κείμενο |
| Θέματα: | |
| Ετικέτες: |
Προσθήκη ετικέτας
Δεν υπάρχουν, Καταχωρήστε ετικέτα πρώτοι!
|
MARC
| LEADER | 00000 a a2200000 04500 | ||
|---|---|---|---|
| 001 | 18148 | ||
| 003 | |||
| 040 | |||
| 100 | |a Vives, Pedro A | ||
| 245 | |a Cultura y desarrollo, hoy / |c Pedro A Vives | ||
| 500 | |a Tomado de DESARROLLO, n. 23, 1993 | ||
| 650 | |a CULTURA | ||
| 650 | |a DESARROLLO ECONOMICO Y SOCIAL | ||
| 650 | |a POLITICA CULTURAL | ||
| 650 | |a POLITICA GUBERNAMENTAL | ||
| 650 | |a IDENTIDAD CULTURAL | ||
| 650 | |a ORGANIZACIONES INTERGUBERNAMENTALES | ||
| 700 | |a Vega, Josefa | ||
| 773 | |g número 26; páginas 15-25 | ||
| 999 | |c 24834 |d 24834 | ||
